| 000 | 01219cam a22002655a 4500 | ||
|---|---|---|---|
| 999 |
_c27362 _d27333 |
||
| 005 | 20190414142748.0 | ||
| 008 | 180116s2018 enkab frb 001 0 eng d | ||
| 020 | _a9780198806578 | ||
| 040 |
_aYDX _beng _cYDX _dBDX _dCDX _dOCLCF _dUKMGB _dCTX _dUAB _dEG-ScBUE _dEG-ScBUE |
||
| 043 | _af------ | ||
| 082 | 0 | 4 |
_a320.96 _bTAY _222 |
| 100 | 1 |
_aTaylor, Ian, _d1969- |
|
| 245 | 1 | 0 |
_aAfrican politics : _ba very short introduction / _cIan Taylor. |
| 250 | _a1st ed. | ||
| 260 |
_aOxford : _bOxford University Press, _c2018. |
||
| 300 |
_a141 p. : _bill., maps ; _c18 cm. |
||
| 490 | 0 |
_aVery short introductions ; _v581 |
|
| 504 | _aIncludes bibliographical references and index. | ||
| 520 | _aIan Taylor explores contemporary African politics in all its diversity, revealing how state and society actually functions beyond the formal institutional facade. He examines why questions of underdevelopment, outside exploitation, misrule, and weak state structures are characteristic of so many Sub-Saharan states in particular. | ||
| 650 | 7 |
_aPolitical culture _zAfrica. _2BUEsh |
|
| 650 | 7 |
_aPolitical sociology _zAfrica. _2BUEsh |
|
| 651 | 7 |
_aAfrica _xPolitics and government. _2BUEsh |
|
| 653 |
_bBUSBOL _cApril2019 |
||
| 942 | _2ddc | ||